000 00372nam a2200145Ia 4500
008 230917s9999||||xx |||||||||||||| ||und||
040 _e88711
_aMAIN
041 _aEnglish
082 _a700 A15S
100 _aAlbrecht, Milton C, ed.
245 0 _aSociology of art and literature: A reader
260 _aLondon
_bDuckworth
_c1982
300 _axiv, 752 p.
942 _cBK
999 _c229870
_d229870